| 000 | 01335 a2200181 4500 | ||
|---|---|---|---|
| 003 | NUST | ||
| 005 | 20221118151040.0 | ||
| 020 | _a9788120340534 | ||
| 040 | _cNust | ||
| 082 | _a515.2433,SOM | ||
| 100 |
_aSoman, K.P. _9101111 |
||
| 245 |
_aInsight into wavelets : _bfrom theory to practice / _cK.P.Soman , K.I Ramachandran & N.G. Resmi |
||
| 250 | _a3rd ed. | ||
| 260 |
_aPHI Learning Privet Limited _bNew Delhi _c2010 |
||
| 300 |
_axviii, 447 p _bilus _cinculd CD |
||
| 505 | _aThe Age of Wavelets (Page-10, Fourier Series and Geometry (Page-16), Continuous Wavelet and Short time Fourier Transform (Page-33), Discrete Wavelet Transform (Page-50), Designing Orthogonal Wavelet Systems- A Direct Approach (Page-75), Discrete Wavelet Transform and Relation to Filter Banks (Page-940, Computing and Plotting Scaling and Wavelet Functions (Page-111), Biorthogonal (Page-127), Designing Wavelets-Frequency Domain Approach (Page-143), Groebner Basic for Wavelet Design (Page-184), Wavelet Packet Analysis (Page-193), M-Band Wavelets (Page-203), Introduction to Multi wavelets (Page-229), Lifting Scheme (Page-2780, Image Compression (Page-3240, Denoising (Page-349), Beyond Wavelets: The Ridgelets and Curvelets (Page-366), Spline Wavelets : Introduction and Application to Computer Graphics (Page-392). | ||
| 942 |
_2ddc _cBK _k515.2433,SOM |
||
| 999 |
_c189007 _d189007 |
||